000 00665nam a2200229 a 4500
001 000026696
003 DO-SdBNP
005 20220913151313.0
007 ta
008 110324s1963 dr c 000 0 spa d
040 _aDO-SdBNP
_bspa
_cBNPHU
082 _axxx
_bG216h
100 _aGarcía Aybar, José E
_936120
245 1 3 _aLa huelga obrera /
_cJosé E. Aybar García ;.
260 _aSanto Domingo :
_bLibreria dominicana,
_c1963.
300 _a278 p. :
_bretr.
_c18 cm.
490 1 _aPensamiento Dominicano ;
590 _aInventariado, 2022/ YL
830 0 _aPensamiento Dominicano (Julio D. Postigo)
_919047
910 _aYLockward
942 _2ddc
_cLBS1
999 _c26188
_d26188